00451nam a22001457a 450000500170000000800410001702000150005804100130007308200120008610000130009824500810011126000570019230000310024965000250028020240123071025.0240123b |||||||| |||| 00| 0 eng d a0409004103 aEnglish  a349 JOU lEnglish  aThe Law of South Africa : Cumulative Supplement 1987 / cedited by JA Faris  aDurban : bButterworth Publishers (Pty) Ltd, c1987  bxxv, 851 pages ; c26 cm.  aLegal practice bLaw